| 000 | 01084nam a22003257a 4500 | ||
|---|---|---|---|
| 003 | CHAP | ||
| 005 | 20220329134932.0 | ||
| 008 | 971013s1970 r 00010 d | ||
| 010 | _a28343 | ||
| 011 | _a29315 | ||
| 035 | _a33426 | ||
| 040 | _cCHAP | ||
| 082 |
_a631.4 _bM32 1970 |
||
| 100 | 0 | 0 |
_aMacías Villada, Mario. _969532 |
| 245 | _aEstudio de suelos de la República Mexicana | ||
| 250 | _a3 ed. | ||
| 260 |
_aChapingo, Méx. : _bEscuela Nacional de Agricultura, _c1970 |
||
| 300 |
_a176 p. _b; mapas |
||
| 590 |
_aBATCH-UPD _b10 _c20130110 _lUCH01 _h1514 |
||
| 590 |
_aBATCH-UPD _b10 _c20130410 _lUCH01 _h0929 |
||
| 590 |
_aBATCH-UPD _b10 _c20130914 _lUCH01 _h1830 |
||
| 590 |
_aCONVERSION _b10 _c20130109 _lUCH01 _h1316 |
||
| 650 | 1 | 4 |
_aSuelos. _9110191 |
| 650 | 1 | 4 |
_aSuelos _xMéxico. _9110441 |
| 901 | _aBK | ||
| 942 | _cLIBRO | ||
| 949 |
_a631.4 M32 1970 _bBC _cLIBRO _d-77756 _eLIBRO _fc.2 _h15432 _i33426 _mD _si |
||
| 949 |
_a631.4 M32 1970 _bBC _cLIBRO _d-77757 _eLIBRO _fc.3 _h32290 _i33426 _mD _si |
||
| 949 |
_a631.4 M32 1970 _bBC _cLIBRO _d33724000062352 _eLIBRO _h15431 _i33426 _mD _si |
||
| 999 |
_c28343 _d28343 |
||